skbl

Dr Suryya Kumar Bhuyan Library Web-OPAC
ডঃ সূৰ্য্য
কুমাৰ ভূঞা পুথিভঁৰাল ৱেব-অ'পেক

All Research Scholars are advised to clear the annual library fees to continue using Library Resources, Remote Access, Plagiarism Test and Library Clearance.

Cotton University Book Fair 2026

Arpana / (Record no. 1583)

MARC details
000 -LEADER
fixed length control field 00681nam a2200265Ia 4500
001 - CONTROL NUMBER
control field 1587
005 - DATE AND TIME OF LATEST TRANSACTION
control field 20240113233506.0
007 - PHYSICAL DESCRIPTION FIXED FIELD--GENERAL INFORMATION
fixed length control field ta
008 - FIXED-LENGTH DATA ELEMENTS--GENERAL INFORMATION
fixed length control field 080101n ii |||gr||||Z||||||asm
020 ## - INTERNATIONAL STANDARD BOOK NUMBER
Terms of availability HB
040 ## - CATALOGING SOURCE
Original cataloging agency Cotton College,Assam
041 ## - LANGUAGE CODE
Language code of text/sound track or separate title asm
082 ## - DEWEY DECIMAL CLASSIFICATION NUMBER
Classification number 891.41182
Item number B 469 A
100 ## - MAIN ENTRY--PERSONAL NAME
Personal name Bharali, Dibyaprabha .
245 #0 - TITLE STATEMENT
Title Arpana /
Statement of responsibility, etc. Dibyaprabha Bharali.
Medium Textual Documents
250 ## - EDITION STATEMENT
Edition statement 1st ed. /
260 ## - PUBLICATION, DISTRIBUTION, ETC.
Place of publication, distribution, etc. Calcutta :
Name of publisher, distributor, etc. Jasudananda Bharali ,
Date of publication, distribution, etc. 1947.
300 ## - PHYSICAL DESCRIPTION
Extent 110p. :
Other physical details ill ;
Dimensions 13cm .
500 ## - GENERAL NOTE
General note 37/Ref/Ass
653 ## - INDEX TERM--UNCONTROLLED
Uncontrolled term Assamese Poetry
653 ## - INDEX TERM--UNCONTROLLED
Uncontrolled term Reference-Assamese
942 ## - ADDED ENTRY ELEMENTS (KOHA)
Source of classification or shelving scheme Dewey Decimal Classification
Koha item type Books
Holdings
Withdrawn status Lost status Damaged status Not for loan Collection Home library Current library Shelving location Date acquired Coded location qualifier Total checkouts Full call number Barcode Date last seen Copy number Price effective from Koha item type
      Not for loan   Dr. Suryya Kumar Bhuyan Library Dr. Suryya Kumar Bhuyan Library   01/02/2012 00000   891.41182 B 469 A 3013091 13/01/2024 1 01/02/2012 Books

Designed and Maintained by Team SKBL
©1901-2026

Powered by Koha